000 00445nam a2200181Ia 4500
008 100917s9999 xx 000 0 und d
082 _b8712
100 _aलोहिया राममनोहर
245 _aजन मन गण
260 _b---
300 _a126
365 _b8
520 _aनिबंध
630 _aजन मन गण
650 _aनिबंध
730 _aजन मन गण
942 _cBOOK
999 _c614106
_d614103